BIBLIOTECA PODER JUDICIAL
Portal Judicial TDF

Régimen de procedimientos administrativos : (Registro nro. 853)

000 -LEADER
fixed length control field 01179nam a22003017a 4500
003 - CONTROL NUMBER IDENTIFIER
control field OSt
005 - DATE AND TIME OF LATEST TRANSACTION
control field 20181025063610.0
008 - FIXED-LENGTH DATA ELEMENTS--GENERAL INFORMATION
fixed length control field 180609b xxu||||| |||| 00| 0 spa d
020 ## - INTERNATIONAL STANDARD BOOK NUMBER
International Standard Book Number 9879505089208
040 ## - CATALOGING SOURCE
Transcribing agency PJ
130 ## - MAIN ENTRY--UNIFORM TITLE
Uniform title Argentina. Leyes y Decretos. Ley 19549
245 10 - MENCIÓN DE TÍTULO
Título propiamente dicho Régimen de procedimientos administrativos :
Parte restante del título ley 19.549 /
Mención de responsabilidad, etc revisado, ordenado y comentado por Tomás Hutchinson.
250 ## - EDITION STATEMENT
Edition statement 9a. ed. act. y amp.
260 ## - PUBLICATION, DISTRIBUTION, ETC. (IMPRINT)
Place of publication, distribution, etc Buenos Aires :
Name of publisher, distributor, etc Astrea,
Date of publication, distribution, etc 2010.
300 ## - DESCRIPCION FISICA
Extent 421 p.
Dimensions 20 cm.
504 ## - NOTA DE BIBLIOGRAFÍA, ETC.
Bibliography, etc Bibliografía: p. 417-421.
505 ## - FORMATTED CONTENTS NOTE
Formatted contents note Contenido:<br/>Decreto reglamentario 1759/72, texto ordenado 1991 según reformas introducidad por decreto 1883/91; con remisión al texto constitucional de 1994.
650 #0 - ASIENTO SECUNDARIO DE MATERIA - TERMINO TEMATICO
Topical term or geographic name as entry element DERECHO ADMINISTRATIVO
9 (RLIN) 211
650 #0 - ASIENTO SECUNDARIO DE MATERIA - TERMINO TEMATICO
Topical term or geographic name as entry element PROCEDIMIENTO ADMINISTRATIVO
9 (RLIN) 1135
650 #0 - ASIENTO SECUNDARIO DE MATERIA - TERMINO TEMATICO
Topical term or geographic name as entry element LEGISLACION APLICABLE
9 (RLIN) 1138
653 ## - INDEX TERM--UNCONTROLLED
Uncontrolled term LEY 19.549
653 ## - INDEX TERM--UNCONTROLLED
Uncontrolled term DECRETO 1759/1972
653 ## - INDEX TERM--UNCONTROLLED
Uncontrolled term DECRETO 1883/1991
700 ## - ADDED ENTRY--PERSONAL NAME
9 (RLIN) 71
Personal name Hutchinson, Tomás
710 ## - ASIENTO SECUNDARIO - NOMBRE CORPORATIVO
9 (RLIN) 2650
Corporate name or jurisdiction name as entry element Argentina. Leyes, decretos, etc. Ley nº 19.549
710 ## - ASIENTO SECUNDARIO - NOMBRE CORPORATIVO
9 (RLIN) 2651
Corporate name or jurisdiction name as entry element Argentina. Leyes, decretos, etc. Decreto 1759/72
942 ## - ADDED ENTRY ELEMENTS (KOHA)
Source of classification or shelving scheme
Koha item type Libros
Classification part 342.9
Item part REG
Existencias
Withdrawn status Lost status Source of classification or shelving scheme Damaged status Not for loan Permanent Location Current Location Date acquired Full call number Barcode Date last seen Price effective from Koha item type
          Biblioteca Poder Judicial Sur Biblioteca Poder Judicial Sur 2018-06-22 342.924 REG 6189 2018-06-22 2018-06-22 Libros

12 de Octubre 789 Ushuaia - Tel:  54(02901)441571
Horario de Atención: 8.00 a 17.00 hs. 
bibliotecaush@justierradelfuego.gov.ar
koha@justierradelfuego.gov.ar
Seguinos en nuestras redes @bibliojustdf 

Con tecnología Koha